[Event "Givenchy PI at The Bay Active"]
[Site "Toronto CAN"]
[Date "1999.11.27"]
[Round "2.1"]
[White "Fairbairn, Stephen"]
[Black "Zagar, Milan"]
[Result "1/2-1/2"]
[WhiteElo "1985"]
[BlackElo "2016"]
[PlyCount "87"]
[GameId "2160767911741784"]
[EventDate "1999.11.27"]
[EventType "k.o. (rapid)"]
[EventRounds "7"]
[EventCountry "CAN"]

1. e4 c5 2. Nf3 Nc6 3. d4 cxd4 4. Nxd4 e5 5. Nb5 d6 6. N1c3 a6 7. Na3 Nf6 8. Bg5 Be7 9. Bxf6 Bxf6 10. Nc4 Nd4 11. Nd5 b5 12. Ncb6 Rb8 13. Nxc8 Rxc8 14. c3 Nc6 15. Be2 O-O 16. O-O g6 17. a4 Bg7 18. axb5 axb5 19. Bxb5 Ne7 20. Nxe7+ Qxe7 21. Ra6 Rfd8 22. Qd3 Qb7 23. c4 Bf8 24. Rfa1 Ra8 25. g3 Rxa6 26. Rxa6 Qc7 27. b4 d5 28. cxd5 Bxb4 29. Qc4 Qe7 30. Rc6 Bd6 31. Rc8 Kg7 32. Rxd8 Qxd8 33. Qc6 f5 34. Qd7+ Qxd7 35. Bxd7 Kf6 36. exf5 gxf5 37. Kf1 e4 38. Ke2 Ke5 39. Be6 f4 40. gxf4+ Kxf4 41. h3 Bc5 42. Bg4 Ke5 43. Be6 Kf4 44. Bg4 1/2-1/2

[Event "Givenchy PI at The Bay Active"]
[Site "Toronto CAN"]
[Date "1999.11.27"]
[Round "3"]
[White "Berson, Jordan"]
[Black "Teodoro, Eduardo"]
[Result "1-0"]
[WhiteElo "2066"]
[BlackElo "2423"]
[PlyCount "66"]
[GameId "2160767911741785"]
[EventDate "1999.11.27"]
[EventType "k.o. (rapid)"]
[EventRounds "7"]
[EventCountry "CAN"]

1. Nf3 Nf6 2. c4 c5 3. Nc3 g6 4. g3 Bg7 5. Bg2 O-O 6. O-O d5 7. cxd5 Nxd5 8. Nxd5 Qxd5 9. d3 Nc6 10. a3 Bg4 11. Be3 Qd6 12. Rc1 Bxf3 13. Bxc5 Bxe2 14. Qxe2 Qd7 15. Rc2 Nd4 16. Bxd4 Bxd4 17. Rfc1 Rac8 18. Qe4 Rxc2 19. Rxc2 b6 20. b3 e5 21. Qc6 Qf5 22. Be4 Qg4 23. Kg2 Qd1 24. Qc4 Kg7 25. Bf3 Qa1 26. b4 Qxa3 27. Ra2 Qc3 28. Rxa7 Qxc4 29. dxc4 Bc3 30. c5 bxc5 31. bxc5 Bb4 32. Rc7 Rd8 33. c6 Kf6 1-0

[Event "Givenchy PI at The Bay Active"]
[Site "Toronto CAN"]
[Date "1999.11.27"]
[Round "4"]
[White "Alcaide, Florante"]
[Black "Berson, Jordan"]
[Result "1-0"]
[WhiteElo "2227"]
[BlackElo "2066"]
[PlyCount "83"]
[GameId "2160767911741786"]
[EventDate "1999.11.27"]
[EventType "k.o. (rapid)"]
[EventRounds "7"]
[EventCountry "CAN"]

1. c4 c5 2. Nc3 Nc6 3. g3 Nf6 4. Bg2 g6 5. Nf3 Bg7 6. O-O O-O 7. d4 cxd4 8. Nxd4 Nxd4 9. Qxd4 d6 10. Qd2 Rb8 11. b3 a6 12. Bb2 Be6 13. Rfd1 Qd7 14. Ne4 Nxe4 15. Bxe4 Bxb2 16. Qxb2 Bf5 17. Bxf5 Qxf5 18. Rd5 Qe6 19. Rad1 b5 20. c5 dxc5 21. Rxc5 Rfd8 22. Rdc1 Rbc8 23. Qc2 Rxc5 24. Qxc5 Qxe2 25. Rf1 Rd2 26. Qc8+ Kg7 27. Qc3+ f6 28. a3 Qd3 29. Qb4 Qd6 30. Qc3 Qd5 31. Re1 Rd1 32. Rxd1 Qxd1+ 33. Kg2 Qd5+ 34. Kg1 Qd6 35. b4 Qd1+ 36. Kg2 Qd5+ 37. Kf1 Qc4+ 38. Qxc4 bxc4 39. a4 Kf7 40. b5 axb5 41. a5 b4 42. Ke1 1-0

[Event "Givenchy PI at The Bay Active"]
[Site "Toronto CAN"]
[Date "1999.11.27"]
[Round "5"]
[White "Berson, Jordan"]
[Black "Thiede, Gunther"]
[Result "1-0"]
[WhiteElo "2066"]
[BlackElo "1626"]
[PlyCount "83"]
[GameId "2160767911741787"]
[EventDate "1999.11.27"]
[EventType "k.o. (rapid)"]
[EventRounds "7"]
[EventCountry "CAN"]

1. Nf3 Nf6 2. d4 d5 3. c4 e6 4. Bg5 Be7 5. e3 h6 6. Bh4 a6 7. Qc2 O-O 8. Bd3 Nbd7 9. O-O dxc4 10. Bxc4 b5 11. Bd3 Bb7 12. Nbd2 c5 13. Bxf6 Nxf6 14. dxc5 Rc8 15. b4 Bc6 16. Rfd1 Qc7 17. Qb2 Ng4 18. Qc2 Bf6 19. Rac1 Rfd8 20. Bh7+ Kf8 21. Be4 Ne5 22. Bxc6 Nxf3+ 23. Bxf3 Be5 24. Nf1 Rxd1 25. Rxd1 Rd8 26. Rxd8+ Qxd8 27. Qe4 Qb8 28. Qa8 Qxa8 29. Bxa8 Bc7 30. Bb7 a5 31. a3 Ke7 32. Bc6 axb4 33. axb4 Be5 34. Nd2 Bc3 35. Nb3 Bxb4 36. Bxb5 Kd8 37. Kf1 Kc7 38. Ke2 f6 39. Kd3 Be1 40. f3 Bb4 41. Kc4 Ba3 42. Nd4 1-0

[Event "Givenchy PI at The Bay Active"]
[Site "Toronto CAN"]
[Date "1999.11.27"]
[Round "5"]
[White "Duggan, Brendan"]
[Black "Richardson, Ross"]
[Result "0-1"]
[WhiteElo "990"]
[BlackElo "1958"]
[PlyCount "72"]
[GameId "2160767911741788"]
[EventDate "1999.11.27"]
[EventType "k.o. (rapid)"]
[EventRounds "7"]
[EventCountry "CAN"]

1. e4 c5 2. Nf3 Nc6 3. d4 cxd4 4. Nxd4 Nf6 5. Nc3 d6 6. Be3 e6 7. Nf3 Be7 8. Bb5 Qc7 9. Qd2 O-O 10. O-O-O a6 11. Ba4 b5 12. Bb3 Rb8 13. h4 a5 14. a4 bxa4 15. Bxa4 Rb4 16. h5 Nxe4 17. b3 Nxd2 18. Rxd2 Na7 19. Kb2 Bf6 20. Bd4 Bxd4 21. Nxd4 Qb6 22. Nf3 Bb7 23. h6 Bxf3 24. gxf3 g6 25. Rhd1 d5 26. Rd3 Rb8 27. Ka2 d4 28. Ne4 Rxa4+ 29. Kb2 Qb4 30. Ra1 Rxa1 31. Kxa1 a4 32. Nf6+ Kh8 33. Kb2 axb3 34. Rxb3 Qc3+ 35. Ka3 Rxb3+ 36. cxb3 d3 0-1

[Event "Givenchy PI at The Bay Active"]
[Site "Toronto CAN"]
[Date "1999.11.27"]
[Round "5"]
[White "Manalo, Pepin"]
[Black "Khomeriki, Giorgi"]
[Result "0-1"]
[WhiteElo "1875"]
[BlackElo "2515"]
[PlyCount "63"]
[GameId "2160767911741789"]
[EventDate "1999.11.27"]
[EventType "k.o. (rapid)"]
[EventRounds "7"]
[EventCountry "CAN"]

1. e4 e6 2. Nf3 b6 3. d4 Bb7 4. Bd3 Nf6 5. Qe2 d5 6. Bg5 Be7 7. Bxf6 Bxf6 8. e5 Be7 9. Nbd2 c5 10. c3 a5 11. Rc1 cxd4 12. cxd4 Ba6 13. Bb5+ Bxb5 14. Qxb5+ Qd7 15. Qxb6 Na6 16. O-O O-O 17. Qb3 Rab8 18. Qd3 Nb4 19. Qb1 Qb5 20. Rc7 Rfe8 21. b3 Nd3 22. Rc3 Nf4 23. Rc7 Qb6 24. Rc2 Ne2+ 25. Kh1 Nxd4 26. Nxd4 Qxd4 27. Nf3 Qb4 28. Rfc1 Qe4 29. a4 f6 30. Re1 Qf5 31. Qb2 Rb4 32. Nd4 0-1

[Event "Givenchy PI at The Bay Active"]
[Site "Toronto CAN"]
[Date "1999.11.27"]
[Round "5"]
[White "Siddeley, Hugh"]
[Black "Michaelis, Nico"]
[Result "0-1"]
[WhiteElo "1763"]
[BlackElo "2255"]
[PlyCount "60"]
[GameId "2160767911741790"]
[EventDate "1999.11.27"]
[EventType "k.o. (rapid)"]
[EventRounds "7"]
[EventCountry "CAN"]

1. e4 a6 2. d4 e6 3. Nf3 c5 4. d5 exd5 5. exd5 d6 6. b3 Nf6 7. Be2 g6 8. O-O Bg7 9. Bb2 O-O 10. a4 b6 11. Na3 Re8 12. Re1 Bb7 13. c4 Nbd7 14. h3 Re7 15. Ra2 Qf8 16. Bd3 Rae8 17. Ba1 Rxe1+ 18. Nxe1 Ne5 19. Bb1 Nh5 20. Nd3 Nxd3 21. Bxd3 Nf4 22. Bf1 Bc8 23. Bxg7 Qxg7 24. Qf3 Qe5 25. Nc2 Bf5 26. Ne3 Bb1 27. Ng4 Qd4 28. Ra3 Re1 29. Ne3 Nd3 30. Nd1 Ne5 0-1

[Event "Givenchy PI at The Bay Active"]
[Site "Toronto CAN"]
[Date "1999.11.27"]
[Round "5"]
[White "Teodoro, Eduardo"]
[Black "Lawless, David"]
[Result "1-0"]
[WhiteElo "2423"]
[BlackElo "1955"]
[PlyCount "50"]
[GameId "2160767911741791"]
[EventDate "1999.11.27"]
[EventType "k.o. (rapid)"]
[EventRounds "7"]
[EventCountry "CAN"]

1. e4 c5 2. Nf3 d6 3. d4 cxd4 4. Nxd4 Nf6 5. Nc3 a6 6. Bg5 e6 7. Be2 Qb6 8. O-O Qxb2 9. Qd2 Qb6 10. Rab1 Qc7 11. f4 Be7 12. Kh1 Nbd7 13. f5 e5 14. Nf3 b5 15. a4 bxa4 16. Rb4 Bb7 17. Rfb1 Nc5 18. Bxf6 gxf6 19. Rxb7 Nxb7 20. Nd5 Qc6 21. Rb6 Qd7 22. Bxa6 Rxa6 23. Rxa6 O-O 24. Ra7 Rb8 25. Qb4 Bd8 1-0

[Event "Givenchy PI at The Bay Active"]
[Site "Toronto CAN"]
[Date "1999.11.27"]
[Round "5"]
[White "Vera, Jesus"]
[Black "Hancas, Marius"]
[Result "0-1"]
[WhiteElo "1579"]
[BlackElo "1999"]
[PlyCount "54"]
[GameId "2160767911741792"]
[EventDate "1999.11.27"]
[EventType "k.o. (rapid)"]
[EventRounds "7"]
[EventCountry "CAN"]

1. e4 d6 2. d4 Nf6 3. Nc3 g6 4. h3 Bg7 5. Bd3 Nbd7 6. Nf3 c5 7. Be3 a6 8. Qd2 O-O 9. Bh6 b5 10. e5 cxd4 11. exf6 dxc3 12. bxc3 Nxf6 13. Bxg7 Kxg7 14. c4 bxc4 15. Bxc4 Bb7 16. Be2 Qc7 17. O-O Rfc8 18. Rfc1 Qc3 19. Qf4 Be4 20. Ng5 Bxc2 21. Bd1 Rc4 22. Qe3 Qxe3 23. fxe3 Rac8 24. Be2 R4c6 25. Bf3 d5 26. Be2 a5 27. Nf3 Be4 0-1

[Event "Givenchy PI at The Bay Active"]
[Site "Toronto CAN"]
[Date "1999.11.27"]
[Round "6"]
[White "Michaelis, Nico"]
[Black "Richardson, Ross"]
[Result "1-0"]
[WhiteElo "2255"]
[BlackElo "1958"]
[PlyCount "39"]
[GameId "2160767911741793"]
[EventDate "1999.11.27"]
[EventType "k.o. (rapid)"]
[EventRounds "7"]
[EventCountry "CAN"]

1. d4 d5 2. Nf3 c6 3. Bf4 g6 4. h3 Bg7 5. e3 Nf6 6. Bd3 b6 7. Qe2 O-O 8. O-O c5 9. c3 Nc6 10. Nbd2 Re8 11. Ne5 Bb7 12. Bb5 Rc8 13. g4 Nd7 14. Nxd7 Qxd7 15. Nf3 f6 16. c4 e5 17. dxe5 fxe5 18. Bxe5 Bxe5 19. cxd5 Qxd5 20. Bc4 1-0

[Event "Givenchy PI at The Bay Active"]
[Site "Toronto CAN"]
[Date "1999.11.27"]
[Round "6"]
[White "Shah, Omar"]
[Black "Berson, Jordan"]
[Result "0-1"]
[WhiteElo "1879"]
[BlackElo "2066"]
[PlyCount "80"]
[GameId "2160767911741794"]
[EventDate "1999.11.27"]
[EventType "k.o. (rapid)"]
[EventRounds "7"]
[EventCountry "CAN"]

1. e4 c6 2. d4 d5 3. exd5 cxd5 4. c4 Nf6 5. Nc3 Nc6 6. Nf3 Bg4 7. Be2 e6 8. O-O Be7 9. Be3 O-O 10. Rc1 dxc4 11. Nd2 Bxe2 12. Nxe2 b5 13. b3 Ba3 14. Rc3 Nd5 15. Rc2 Ncb4 16. Rc1 Bxc1 17. Qxc1 c3 18. Ne4 Nxe3 19. fxe3 Rc8 20. Qa3 a5 21. Nc5 Nd5 22. e4 b4 23. Qc1 Nf6 24. Qg5 Nd7 25. Qxd8 Rfxd8 26. Nb7 Rf8 27. Nc1 Ra8 28. Nd3 Rfb8 29. Nd6 f6 30. Nf4 e5 31. dxe5 Nxe5 32. Nd5 Rd8 33. Nb7 Nd3 34. Nxd8 Rxd8 35. Ne3 Re8 36. Rd1 Nc5 37. Nf5 Nxe4 38. Rd7 c2 39. Rxg7+ Kh8 40. Rc7 Nc3 0-1

[Event "Givenchy PI at The Bay Active"]
[Site "Toronto CAN"]
[Date "1999.11.27"]
[Round "7"]
[White "Berson, Jordan"]
[Black "Khomeriki, Giorgi"]
[Result "0-1"]
[WhiteElo "2066"]
[BlackElo "2515"]
[PlyCount "49"]
[GameId "2160767911741795"]
[EventDate "1999.11.27"]
[EventType "k.o. (rapid)"]
[EventRounds "7"]
[EventCountry "CAN"]

1. Nf3 e6 2. c4 Nf6 3. d4 c5 4. g3 cxd4 5. Nxd4 Nc6 6. Nxc6 bxc6 7. Bg2 Bb4+ 8. Nc3 O-O 9. O-O Ba6 10. Qa4 Qa5 11. Qxa5 Bxa5 12. c5 Bxc3 13. bxc3 Bxe2 14. Re1 Bc4 15. Bf4 Rfc8 16. Bf3 a5 17. a4 Ne8 18. Rab1 f6 19. Rb6 Kf7 20. Rb7 Ke7 21. Bd6+ Nxd6 22. cxd6+ Kxd6 23. Rd1+ Bd5 24. c4 Rcb8 25. Be4 0-1

[Event "Givenchy op 30'"]
[Site "Toronto CAN"]
[Date "1999.11.25"]
[Round "2"]
[White "Teodoro, Eduardo"]
[Black "Dutton, Warren"]
[Result "1-0"]
[WhiteElo "2401"]
[BlackElo "2025"]
[PlyCount "76"]
[GameId "2160767911741800"]
[EventDate "1999.11.25"]
[EventType "swiss (rapid)"]
[EventRounds "7"]
[EventCountry "CAN"]
[SourceTitle "EXT 2002"]
[Source "ChessBase"]
[SourceDate "2001.11.25"]
[SourceVersion "1"]
[SourceVersionDate "2001.11.25"]
[SourceQuality "1"]

1. e4 b6 2. d4 Bb7 3. Nc3 Nf6 4. Bd3 e6 5. Nge2 Bb4 6. O-O O-O 7. a3 Be7 8. e5 Nd5 9. Nxd5 Bxd5 10. c4 Bb7 11. f4 f5 12. d5 Bc5+ 13. Kh1 a5 14. Nc3 Na6 15. Be2 Qe7 16. Bf3 Rab8 17. Nb5 c6 18. d6 Qf7 19. Nc3 Ba8 20. b3 Kh8 21. Ra2 h6 22. g3 Rg8 23. Rg2 g5 24. fxg5 hxg5 25. g4 f4 26. Ne4 Rg6 27. Nf6 Rxf6 28. exf6 Qxf6 29. Bb2 e5 30. Re2 Re8 31. Qa1 Bxd6 32. Rd1 Kg8 33. Red2 Re6 34. b4 Qe7 35. c5 bxc5 36. Qa2 Kf8 37. Qc4 Nb8 38. Qe4 cxb4 1-0

[Event "Givenchy op 30'"]
[Site "Toronto CAN"]
[Date "1999.11.26"]
[Round "2"]
[White "Hancas, Marius"]
[Black "Teodoro, Eduardo"]
[Result "0-1"]
[WhiteElo "2235"]
[BlackElo "2401"]
[PlyCount "57"]
[GameId "2160767911741801"]
[EventDate "1999.11.25"]
[EventType "swiss (rapid)"]
[EventRounds "7"]
[EventCountry "CAN"]
[SourceTitle "EXT 2002"]
[Source "ChessBase"]
[SourceDate "2001.11.25"]
[SourceVersion "1"]
[SourceVersionDate "2001.11.25"]
[SourceQuality "1"]

1. d4 Nf6 2. Nf3 d5 3. g3 g6 4. Bg2 Bg7 5. O-O O-O 6. c4 c6 7. Qb3 dxc4 8. Qxc4 Nbd7 9. Nc3 Nb6 10. Qd3 Nfd5 11. Nxd5 cxd5 12. Ne5 f6 13. Nf3 e5 14. Qb3 e4 15. Nd2 f5 16. e3 Be6 17. a4 a5 18. Nb1 Rf7 19. Na3 Bf8 20. Bd2 Bxa3 21. Qxa3 Nc4 22. Qc3 Qb6 23. Rfb1 Rc7 24. b4 axb4 25. Rxb4 Qd6 26. Bf1 Rac8 27. Qb3 Na5 28. Qb1 Qe7 29. Bg2 0-1

[Event "Givenchy op 30'"]
[Site "Toronto CAN"]
[Date "1999.11.26"]
[Round "2"]
[White "Khomeriki, Giorgi"]
[Black "Dutton, Warren"]
[Result "1-0"]
[WhiteElo "2205"]
[BlackElo "2025"]
[PlyCount "50"]
[GameId "2160767911741802"]
[EventDate "1999.11.25"]
[EventType "swiss (rapid)"]
[EventRounds "7"]
[EventCountry "CAN"]
[SourceTitle "EXT 2002"]
[Source "ChessBase"]
[SourceDate "2001.11.25"]
[SourceVersion "1"]
[SourceVersionDate "2001.11.25"]
[SourceQuality "1"]

1. b3 c5 2. Bb2 Nc6 3. e3 d5 4. f4 Nf6 5. Nf3 g6 6. Bb5 Bd7 7. Qe2 Bg7 8. Bxc6 Bxc6 9. Ne5 O-O 10. d3 Bb5 11. Nd2 Rc8 12. O-O b6 13. c4 Ba6 14. Rad1 Qc7 15. Ndf3 Rfd8 16. Ng5 Rf8 17. f5 h6 18. fxg6 hxg5 19. gxf7+ Rxf7 20. Nxf7 Kxf7 21. Qh5+ Ke6 22. Qxg5 Rg8 23. Bxf6 exf6 24. Qxd5+ Ke7 25. Qxg8 Kd6 1-0

[Event "Givenchy op 30'"]
[Site "Toronto CAN"]
[Date "1999.11.26"]
[Round "3"]
[White "Teodoro, Eduardo"]
[Black "Michaelis, Nico"]
[Result "1/2-1/2"]
[WhiteElo "2401"]
[BlackElo "2145"]
[PlyCount "60"]
[GameId "2160767911741803"]
[EventDate "1999.11.25"]
[EventType "swiss (rapid)"]
[EventRounds "7"]
[EventCountry "CAN"]
[SourceTitle "EXT 2002"]
[Source "ChessBase"]
[SourceDate "2001.11.25"]
[SourceVersion "1"]
[SourceVersionDate "2001.11.25"]
[SourceQuality "1"]

1. e4 d5 2. exd5 Qxd5 3. Nc3 Qd6 4. d4 Nf6 5. Nf3 a6 6. Be2 e6 7. O-O Be7 8. h3 O-O 9. Bd3 Nbd7 10. Bg5 b5 11. Bh4 Bb7 12. Bg3 Qb6 13. a4 b4 14. a5 Bxf3 15. gxf3 Qa7 16. Ne2 c5 17. c3 bxc3 18. bxc3 cxd4 19. cxd4 Nd5 20. Kh2 Rfc8 21. Rg1 f5 22. Qb3 N7f6 23. Be5 Qd7 24. Rac1 Kh8 25. Rxc8+ Qxc8 26. Bc4 Qd7 27. Bxd5 exd5 28. Nf4 Bd6 29. Qb6 Be7 30. Ne6 Bd8 1/2-1/2

[Event "Givenchy op 30'"]
[Site "Toronto CAN"]
[Date "1999.11.26"]
[Round "4"]
[White "Khomeriki, Giorgi"]
[Black "Michaelis, Nico"]
[Result "1-0"]
[WhiteElo "2205"]
[BlackElo "2145"]
[PlyCount "60"]
[GameId "2160767911741804"]
[EventDate "1999.11.25"]
[EventType "swiss (rapid)"]
[EventRounds "7"]
[EventCountry "CAN"]
[SourceTitle "EXT 2002"]
[Source "ChessBase"]
[SourceDate "2001.11.25"]
[SourceVersion "1"]
[SourceVersionDate "2001.11.25"]
[SourceQuality "1"]

1. e4 d5 2. exd5 Qxd5 3. Nf3 Bg4 4. Be2 Nc6 5. d4 e6 6. O-O Nf6 7. Be3 Bd6 8. h3 Qh5 9. Nbd2 Bxh3 10. Ne5 Qf5 11. g4 Bxg4 12. Bxg4 Nxg4 13. Qxg4 Bxe5 14. Qxf5 exf5 15. dxe5 Nxe5 16. Bd4 O-O-O 17. Bxe5 Rxd2 18. Rfe1 Rd5 19. c4 Rd3 20. Bc3 Kd7 21. Re5 f6 22. Rxf5 Re8 23. Kg2 Re4 24. Rd5+ Rxd5 25. cxd5 c6 26. dxc6+ Kxc6 27. Kf3 Re7 28. Rh1 h6 29. Rh5 b6 30. Rf5 Kd6 1-0

[Event "Gothenburg Variation m"]
[Site "Winnipeg CAN"]
[Date "1999.??.??"]
[Round "2"]
[White "Kirton, Dale"]
[Black "Gentes, Kevin"]
[Result "1-0"]
[WhiteElo "2250"]
[BlackElo "2380"]
[PlyCount "63"]
[GameId "2160767911805905"]
[EventDate "1999.??.??"]
[EventType "match"]
[EventRounds "1"]
[EventCountry "CAN"]
[SourceTitle "EXT 2003"]
[Source "ChessBase"]
[SourceDate "2002.11.25"]
[SourceVersion "1"]
[SourceVersionDate "2002.11.25"]
[SourceQuality "1"]

1. e4 c5 2. Nf3 d6 3. d4 cxd4 4. Nxd4 Nf6 5. Nc3 a6 6. Bg5 e6 7. f4 Be7 8. Qf3 h6 9. Bh4 g5 10. fxg5 Nfd7 11. Nxe6 fxe6 12. Qh5+ Kf8 13. Bb5 Rh7 14. O-O+ Kg8 15. g6 Rg7 16. Rf7 Bxh4 17. Qxh6 Qf6 18. Rxf6 Bxf6 19. e5 Bxe5 20. Bd3 Nf8 21. Rf1 Nbd7 22. Qh4 Nxg6 23. Bxg6 Rxg6 24. Qd8+ Kh7 25. Ne4 b5 26. Rf3 Bg7 27. Ng5+ Rxg5 28. Qxg5 Ne5 29. Qh5+ Kg8 30. Qe8+ Kh7 31. Rh3+ Bh6 32. Qh5 1-0

[Event "Halloween op"]
[Site "Edmonton CAN"]
[Date "1999.10.07"]
[Round "1"]
[White "Ottosen, David"]
[Black "Bukowski, George"]
[Result "1-0"]
[WhiteElo "2205"]
[BlackElo "1625"]
[PlyCount "49"]
[GameId "2160767911742059"]
[EventDate "1999.10.07"]
[EventType "swiss"]
[EventRounds "4"]
[EventCountry "CAN"]

1. e4 c5 2. Nf3 d6 3. d4 cxd4 4. Nxd4 Nf6 5. Nc3 g6 6. Be3 Bg7 7. f3 O-O 8. Bc4 Bd7 9. Qd2 Nc6 10. h4 Ne5 11. Bb3 Rc8 12. O-O-O a6 13. h5 Nxh5 14. g4 Nf6 15. Bh6 Nfxg4 16. Bxg7 Kxg7 17. fxg4 Nxg4 18. Rdg1 h5 19. Nf5+ Bxf5 20. exf5 Rh8 21. Ne4 Ne5 22. Ng5 Qd7 23. fxg6 fxg6 24. Ne6+ Kh7 25. Rxh5+ 1-0

[Event "Halloween op"]
[Site "Edmonton CAN"]
[Date "1999.10.14"]
[Round "2"]
[White "Day, Jonathan"]
[Black "Ottosen, David"]
[Result "0-1"]
[WhiteElo "1815"]
[BlackElo "2205"]
[PlyCount "108"]
[GameId "2160767911742060"]
[EventDate "1999.10.07"]
[EventType "swiss"]
[EventRounds "4"]
[EventCountry "CAN"]

1. e4 e6 2. d4 d5 3. Nd2 c5 4. Ngf3 Nc6 5. c3 Nf6 6. e5 Nd7 7. a3 Be7 8. Bd3 cxd4 9. cxd4 Qb6 10. Nb3 a5 11. Be3 a4 12. Nbd2 Qxb2 13. O-O Qc3 14. Qe2 Bxa3 15. Ra2 Nb4 16. Nb1 Qxd3 17. Qxd3 Nxd3 18. Nxa3 Nb4 19. Rb2 Nc6 20. Ra1 O-O 21. Nb5 Ra6 22. Nd6 Nb6 23. Nd2 Na5 24. Kf1 Nac4 25. N2xc4 Nxc4 26. Nxc4 dxc4 27. Rb4 a3 28. Bd2 Bd7 29. Rxb7 Bc6 30. Rbb1 Be4 31. Rb4 a2 32. f3 Bb1 33. Ke1 Rc8 34. Bc3 h6 35. Kd2 Ra3 36. Raxb1 axb1=N+ 37. Rxb1 Kh7 38. f4 Kg6 39. g4 Ra2+ 40. Rb2 Rxb2+ 41. Bxb2 Rb8 42. Bc3 Rb3 43. h3 Rb1 44. Ke3 Rh1 45. Ke4 Rxh3 46. f5+ Kh7 47. Ba5 Rd3 48. Bb4 Kg8 49. Bc5 Rd1 50. Bb4 Rb1 51. Bd2 Kf8 52. f6 g5 53. Ba5 Ke8 54. d5 exd5+ 0-1

[Event "Halloween op"]
[Site "Edmonton CAN"]
[Date "1999.10.21"]
[Round "3"]
[White "Ottosen, David"]
[Black "Dean, Tim"]
[Result "1-0"]
[WhiteElo "2210"]
[BlackElo "1900"]
[PlyCount "57"]
[GameId "2160767911742061"]
[EventDate "1999.10.07"]
[EventType "swiss"]
[EventRounds "4"]
[EventCountry "CAN"]

1. e4 e5 2. Nf3 Nc6 3. Bb5 Nf6 4. O-O Nxe4 5. Re1 Nd6 6. Nxe5 Nxe5 7. Rxe5+ Be7 8. Bd3 O-O 9. Qh5 g6 10. Qh6 f5 11. Nc3 c6 12. Re1 Nf7 13. Qh3 d5 14. b3 Bc5 15. Qf3 Ng5 16. Qe2 f4 17. h4 f3 18. Qe5 Nh3+ 19. gxh3 Qxh4 20. Qh2 Bxh3 21. Bf1 Qg4+ 22. Kh1 Rae8 23. Bb2 Bxf1 24. Rxf1 Rf5 25. Rg1 Qd4 26. Na4 Qxd2 27. Nxc5 Kf8 28. Rad1 Qxc2 29. Qh6+ 1-0

[Event "Halloween op"]
[Site "Edmonton CAN"]
[Date "1999.10.28"]
[Round "4"]
[White "Hughey, Micah"]
[Black "Ottosen, David"]
[Result "0-1"]
[WhiteElo "2100"]
[BlackElo "2210"]
[PlyCount "58"]
[GameId "2160767911742062"]
[EventDate "1999.10.07"]
[EventType "swiss"]
[EventRounds "4"]
[EventCountry "CAN"]

1. e4 e5 2. Nf3 d6 3. d4 Nf6 4. Nc3 Nbd7 5. Be2 Be7 6. O-O O-O 7. b3 exd4 8. Qxd4 Nc5 9. Bb2 Ne6 10. Qd2 Nc5 11. Qf4 Re8 12. Rfe1 Nh5 13. Qd2 Bg4 14. h3 Bd7 15. Bc4 Ne6 16. Rad1 Ng5 17. Nd4 Bxh3 18. gxh3 c5 19. Qe3 cxd4 20. Rxd4 Nf4 21. Bf1 Bf6 22. Rb4 Be5 23. Rxb7 Qc8 24. Rb5 Ngxh3+ 25. Bxh3 Nxh3+ 26. Kf1 Qg4 27. f3 Qh4 28. Rd5 Nf4 29. Rd2 Qh3+ 0-1

[Event "Halloween op"]
[Site "Guelph CAN"]
[Date "1999.10.30"]
[Round "3"]
[White "Rivas, Edgar"]
[Black "Gebhardt, David"]
[Result "1-0"]
[WhiteElo "1916"]
[BlackElo "1914"]
[PlyCount "71"]
[GameId "2160767911741945"]
[EventDate "1999.10.29"]
[EventType "swiss"]
[EventRounds "5"]
[EventCountry "CAN"]

1. e4 e5 2. Nf3 f5 3. exf5 e4 4. Ne5 Nf6 5. Be2 Qe7 6. Bh5+ g6 7. fxg6 Qxe5 8. g7+ Nxh5 9. gxh8=Q Qxh8 10. Qxh5+ Kd8 11. Qh4+ Be7 12. Qxe4 Nc6 13. O-O d6 14. Re1 Qg7 15. Nc3 Nd4 16. Nd5 Bf5 17. Qxe7+ Qxe7 18. Rxe7 c6 19. Rf7 cxd5 20. Rf8+ Kc7 21. Rxa8 Nxc2 22. Rf8 Bg6 23. f4 Nxa1 24. f5 Bh5 25. h3 Kd7 26. g4 Be8 27. Rh8 Nc2 28. Rxh7+ Kc6 29. f6 Nd4 30. f7 Bxf7 31. Rxf7 Ne2+ 32. Kg2 Nxc1 33. g5 Nd3 34. Rf5 Nc5 35. g6 Ne6 36. Rf6 1-0

[Event "Hamilton CC-ch"]
[Site "Hamilton CAN"]
[Date "1999.10.15"]
[Round "6"]
[White "Taherkhani, Majid"]
[Black "Brice, Ron"]
[Result "0-1"]
[WhiteElo "2095"]
[BlackElo "2020"]
[PlyCount "84"]
[GameId "2160767911742176"]
[EventDate "1999.09.10"]
[EventType "swiss"]
[EventRounds "8"]
[EventCountry "CAN"]

1. d4 Nf6 2. c4 e6 3. Nc3 c5 4. d5 exd5 5. cxd5 d6 6. e4 g6 7. f4 Bg7 8. e5 dxe5 9. fxe5 Nfd7 10. e6 fxe6 11. dxe6 Qe7 12. Nd5 Qxe6+ 13. Qe2 Qxe2+ 14. Bxe2 O-O 15. Nc7 Nc6 16. Nxa8 Nb4 17. Rb1 Ne5 18. Nf3 Bf5 19. a3 Nbd3+ 20. Kf1 Rxa8 21. Nxe5 Bxe5 22. Ra1 Bd4 23. Bxd3 Bxd3+ 24. Ke1 c4 25. Bh6 Re8+ 26. Kd1 Bxb2 27. Rc1 c3 28. Rc2 Bxc2+ 29. Kxc2 Bxa3 30. Kxc3 Bf8 31. Bf4 Bg7+ 32. Kb3 Re4 33. g3 a5 34. h4 a4+ 35. Ka2 b5 36. Rc1 Re2+ 37. Kb1 Rb2+ 38. Ka1 Rc2+ 39. Kb1 Rxc1+ 40. Kxc1 h5 41. Kc2 Kf7 42. Bd6 Ke6 0-1

[Event "Hamilton Dynamic Duos"]
[Site "Hamilton CAN"]
[Date "1999.06.05"]
[Round "1"]
[White "Egorov, Mikhail"]
[Black "Zakrajsek, Aljosa"]
[Result "0-1"]
[WhiteElo "2046"]
[BlackElo "1979"]
[PlyCount "106"]
[GameId "2160767911743319"]
[EventDate "1999.06.05"]
[EventType "swiss"]
[EventRounds "6"]
[EventCountry "CAN"]
[SourceTitle "CFC 2000.02"]
[Source "CFC"]
[SourceDate "2000.02.??"]
[SourceVersionDate "2000.02.??"]
[SourceQuality "1"]

1. e4 c6 2. d4 d5 3. Nc3 dxe4 4. Nxe4 Nd7 5. Bc4 Ngf6 6. Ng5 e6 7. Qe2 Nb6 8. Bd3 Be7 9. N1f3 h6 10. Ne4 Nbd5 11. Nxf6+ Nxf6 12. O-O b6 13. Bf4 Bb7 14. Rad1 Qd5 15. Ne5 O-O 16. Bc4 Qe4 17. Qxe4 Nxe4 18. Rfe1 Nf6 19. Ng6 Rfe8 20. Nxe7+ Rxe7 21. Bc1 Rd8 22. Be2 Red7 23. c3 Nd5 24. Bf3 Rc8 25. a3 c5 26. c4 Nf6 27. Bxb7 Rxb7 28. dxc5 Rxc5 29. b3 b5 30. Be3 Re5 31. c5 Nd5 32. b4 a6 33. g3 Re4 34. Rd4 Rxd4 35. Bxd4 Ne7 36. f4 Rd7 37. Be5 Rd3 38. Ra1 Nc6 39. Bd6 Nd4 40. Ra2 f6 41. a4 Nc6 42. axb5 axb5 43. Ra6 Nxb4 44. Rb6 Rd1+ 45. Kg2 Rd2+ 46. Kg1 Rd1+ 47. Kg2 Rd2+ 48. Kh3 Nd3 49. Rxb5 Nf2+ 50. Kh4 Ne4 51. Kh5 Kh7 52. Bf8 f5 53. h3 Rh2 0-1